000 00481nam a22001697a 4500
003 PILC
005 20151005102856.0
008 151005b xxu||||| |||| 00| 0 eng d
020 _a9789351154402
050 _aHF 5621
_b.Ac172 2015
245 _aAccounting services specialist /
260 _b3G elearning,
_c2015.
300 _a68 pages :
_billustrations ;
_c24 cm. +
_e1 DVD.
500 _aIncludes bibliographical references.
650 _aAccounting.
942 _2lcc
_cBK
_kFOR
999 _c288802
_d288802